Chicago Bulls Roster 2025-26 - Statistics

General Stats
  • This quiz has been taken 26 times
  • The average score is 11 of 18
Answer Stats
Position # Answer % Correct
PF 14 Matas Buzelis
100%
SG/SF 35 Isaac Okoro
86%
PG 3 Josh Giddey
86%
PG/SG 30 Tre Jones
86%
SG 22 Anfernee Simons
71%
SG 2 Collin Sexton
71%
PF 25 Jalen Smith
71%
C 13 Nick Richards
71%
SF 44 Patrick Williams
71%
PF/C 12 Zach Collins
71%
PF/C 28 Guerschon Yabusele
57%
PF 24 Noa Essengue
57%
PG 7 Robert Dillingham
57%
Head Coach - Billy Donovan
43%
SF/PF 11 Leonard Miller
43%
C 47 Lachlan Olbrich
29%
PG 5 Mac McClung
14%
PG 8 Yuki Kawamura
14%
No matching quizzes found
Score Distribution
Percent of People with Each Score
Percentile by Number Answered
Your Score History
You have not taken this quiz